000 00543nam a2200229Ia 4500
003 OSt
005 20220924150951.0
006 a|||||r|||| 00| 0
007 ta
008 220923b |||||||| |||| 00| 0 ara d
024 _a335383
037 _cTextual
040 _aARTS
_cARTS
_bara
041 _2ara
_aara
082 _aO28:g, M4
245 0 _aAl-balaghatul aslubiah
260 _c1984
650 _a CRITICISM
_931425
650 _aARABIC LITERATURE
942 _hO28:g, M4
_cTEXL
_2CC
999 _c465114
_d465114